Toán cao cấp - Phần giải tích : Dùng cho sinh viên ngành Kinh tế - tài chính - ngân hàng /
Shranjeno v:
| Drugi avtorji: | , , , , , |
|---|---|
| Format: | Sách giấy |
| Jezik: | Vietnamese |
| Izdano: |
H. :
Giáo dục,
2007.
|
| Teme: | |
| Oznake: |
Označite
Brez oznak, prvi označite!
|
| Thư viện lưu trữ: | Thư viện Trường Đại học Đà Lạt |
|---|
| LEADER | 01041nam a2200373 4500 | ||
|---|---|---|---|
| 001 | DLU080063560 | ||
| 005 | ##20081023 | ||
| 040 | # | # | |a DLU |b vie |
| 041 | # | # | |a vie |
| 044 | # | # | |a vn |
| 082 | # | # | |a 515 |b Toa |
| 245 | # | # | |a Toán cao cấp - Phần giải tích : |b Dùng cho sinh viên ngành Kinh tế - tài chính - ngân hàng / |c Lê Sĩ Đồng chủ biên, ... [và những người khác]. |
| 260 | # | # | |a H. : |b Giáo dục, |c 2007. |
| 300 | # | # | |a 287 tr. ; |c 21 cm. |
| 504 | # | # | |a Tài liệu tham khảo: tr.283. |
| 653 | # | # | |a Giáo trình |
| 653 | # | # | |a Toán cao cấp |
| 653 | # | # | |a Toán giải tích |
| 700 | # | # | |a Đỗ Thanh Kháng. |
| 700 | # | # | |a Bùi Đức Hùng |
| 700 | # | # | |a Lê Sĩ Đồng. |
| 700 | # | # | |a Lê Văn Trọng. |
| 700 | # | # | |a Nguyễn Tư Khuông. |
| 700 | # | # | |a Phan Tùng Mẫu. |
| 923 | # | # | |a 12/2008 |
| 992 | # | # | |a 22300 |
| 994 | # | # | |a DLU |
| 900 | # | # | |a True |
| 911 | # | # | |a Đào Thị Thu Huyền |
| 925 | # | # | |a G |
| 926 | # | # | |a A |
| 927 | # | # | |a SH |
| 980 | # | # | |a Thư viện Trường Đại học Đà Lạt |